Was ist eine gute religion?: zwanzig antworten

Sábháilte in:
Sonraí bibleagrafaíochta
Príomhchruthaitheoir: Wenzel, Uwe Justus (Údar)
Formáid: LEABHAR
Teanga:Gearmáinis
Foilsithe / Cruthaithe: Múnich Beck 2007
Eagrán:1a. ed
Ábhair:
Clibeanna: Cuir clib leis
Níl clibeanna ann, Bí ar an gcéad duine le clib a chur leis an taifead seo!

MARC

LEADER 00000cam a2200000 a 4500
001 UCE6817
003 CL-VaPUC
008 150507e20070000gw |||||||||||||||||ger|d
020 |a 9783406562266 
082 0 4 |a 210.1  |b ANT  |2 21 
100 0 |a Wenzel, Uwe Justus  |e author  |9 579425 
245 1 0 |a Was ist eine gute religion?: zwanzig antworten 
250 |a 1a. ed 
300 |a 132 p 
942 |c BK 
945 |d 20150507 00:22:00  |a arojas 
260 |a Múnich  |b Beck  |c 2007 
650 0 |a Religión   |9 255164 
650 0 |a Filosofía de la religión   |9 256017 
650 7 |a TEORIA DE LA RELIGION  |2 CL-VaPUC  |9 519249 
583 |a last modification  |c 20150507 00:22:00  |k Rodrigo Vera 
999 |c 358997  |d 358995 
952 |0 0  |1 0  |3 erd  |4 0  |6 210_100000000000000_ANT_2007  |7 0  |8 A  |9 467984  |a BIBTEO  |b BIBTEO  |e Casale Rolle, Carlos Ignacio, -2014  |i 5172705  |o 210.1 ANT 2007  |p 5172705  |r 2025-01-17  |w 2019-11-23  |y BK  |z Catalogado en:20150507  |k ICR